LEADER 01056naa a2200205 u 4500 001 000000101632 003 CaOOAMICUS 005 20070226130207.0 008 051216s2004 it u000 u ger u 035 $a11073044 040 $aIAR$bita 100 1 $aSiegert, Folker.$0(OLS)http://pul/name/15407 245 10$a[Recensione :] Denis, A.-M.; Haelewyck, Jean-Claude (u.a.): Introduction à la littérature religieuse judéo-hellénistique /$cFolker Siegert. 260 $aBologna :$bEd. Dehoniane,$c2004. 300 $aS. 211-219 ;$c22 cm 600 14$aHaelewyck, Jean-Claude,$d1952-$tIntroduction à la littérature religieuse judéo-hellénistique.$0(OLS)http://pul/subject/32799 730 0 $aCristianesimo nella storia$g[Spogli].$0(OLS)http://pul/title/7312 773 0 $tCristianesimo nella storia$k25 (2004)$w()5012 996 $6245$a[Recensione :] Denis, A.-M.; Haelewyck, Jean-Claude (u.a.): Introduction à la littérature religieuse judéo-hellénistique$9(OLS)http://pul/title/128537 996 $6260$aBologna :$bEd. Dehoniane$9(OLS)http://pul/publisher/48282 LEADER 01220nam a2200277 a 4500 001 000000145651 003 CaOOAMICUS 005 20150911094351.0 008 150911s2015 sp u000 ubspa r 020 $a978-950-512-901-0 040 $aPUL$bita 082 04$a262.24 100 1 $aAugé, Matias,$d1936-$0(OLS)http://pul/name/2048 245 10$aBuscadores de Dios :$borigen y primeros tiempos del monacato /$cMatias Augé. 260 $aBuenos Aires :$bEditorial Claretiana,$c©2015$aMadrid :$bPublicaciones Claretianas 300 $a108 p. ;$c20 cm 650 4$aMonachesimo.$0(OLS)http://pul/subject/42099 850 $aPUL 852 $aPUL$W1$xSL Religione 3$y85$m262. 24 AUGMA 1$j168427$qDDC 21$B169026$CPULBib$Z2$F169026 $H126189 $82 941 1 $a9 996 $6020$a978-950-512-901-0$9(OLS)http://pul/number/158559 996 $6082$a262.24$9(OLS)http://pul/classification/714 996 $6245$aBuscadores de Dios :$borigen y primeros tiempos del monacato$9(OLS)http://pul/title/184186 996 $6260$aBuenos Aires :$bEditorial Claretiana$9(OLS)http://pul/publisher/81321 996 $6260$aMadrid :$bPublicaciones Claretianas$9(OLS)http://pul/publisher/82358